000 00540nam a22001817a 4500
003 OSt
005 20251125093127.0
008 251125b |||||||| |||| 00| 0 eng d
020 _a978-621-8029-15-6
040 _aDWC-Main lib
_cOC
082 _aFil. 657.835 M645g 2018
100 _aMillan, Zeus Vernon B.
245 _aZeus Vernon B. Millan
260 _a Baguio Philippines :
_b Bandolin Enterprises,
_c c2018.
300 _a x , 483 pages :
_b illustration ;
_c 22cm.
650 _a1. Accounting
942 _2ddc
_cBK - FIL
_kFil.
_n0
999 _c6176
_d6176